000
00235nam a2200097Ia 4500
001
810289
005
20250826171518.0
008
250824s9999 xx 000 0 und d
245
0
_a
FARARAFİLLİ
_c
NUR İÇÖZÜ
260
_b
ALTIN YAYINLARI
999
_c
810289
_d
810289